Normale Ansicht MARC-Ansicht ISBD

Maskenloser Protest (Titelsatznr. 80247)

[ MARC ]
MARC-Details
000 -Satzkennung
Kontrollfeld mit fester Länge 00649nam a22001457a 4500
008 - Feld mit fester Länge zur physischen Beschreibung - Allgemeine Angaben
Kontrollfeld mit fester Länge 201130b ||||| |||| 00| 0 eng d
040 ## - Katalogisierungsquelle
Katalogisierungssprache ger
Übertragungsstelle STAFF
Beschreibungsfestlegungen rda
Original-Katalogisierungsstelle STAFF
100 ## - Person oder Familie als 1. geistiger Schöpfer
Personenname Hnida, Jan-Henrik
245 ## - Titel
Haupttitel Maskenloser Protest
Titelzusatz Querdenker-Demo: Viele der 1500 Teilnehmer verstießen auf der Oderpromenade gegen die Hygieneauflagen. Polnische Demonstranten kamen über die Stadtbrücke.
Verantwortlichkeitsangabe Jan-Henrik Hnida
773 ## - Übergeordnete Einheit
Ort, Verlag und Erscheinungsjahr Frankfurt (Oder): Märkisches Verlags- und Druckhaus GmbH & Co KG
Verknüpfungsangaben 31. Jahrgang (2020) Nr. 279 vom 30.11.2020, S. 11
Titel Märkische Oderzeitung
942 ## - Zusätzliche Felder (Koha)
Koha-Medientyp Aufsätze
Exemplare
Ausgeschieden Verloren Beschädigt Nicht entleihbar Permanenter Standort Aktueller Standort Eingabedatum Anzahl Ausleihen Signatur Letzte Aktivität Preis gültig von Medientyp
        Stadtarchiv Frankfurt (Oder) | Archivbibliothek Stadtarchiv Frankfurt (Oder) | Archivbibliothek 02/12/2020   Z2 02/12/2020 02/12/2020 Aufsätze